[Event "Mumbai Wealth U2050 op 5th"]
[Site "Mumbai"]
[Date "2020.01.02"]
[Round "1"]
[White "Pranab, Maity"]
[Black "Lakshmi Sandeep, Naidu V"]
[Result "0-1"]
[WhiteElo "1233"]
[BlackElo "1961"]
[PlyCount "56"]
[EventDate "2020.01.02"]
[EventType "swiss"]
[EventRounds "9"]
[EventCountry "IND"]
[SourceTitle "CBM 194 Extra"]
[Source "ChessBase"]
[SourceDate "2020.03.31"]
[SourceVersion "1"]
[SourceVersionDate "2020.03.31"]
[SourceQuality "1"]

1. c4 Nf6 2. Nc3 e6 3. g3 d5 4. cxd5 exd5 5. d4 Bb4 6. Bd2 0-0 7. Bg2 c5 8. Nf3 Nc6 9. dxc5 Ne4 10. a3 Bxc5 11. 0-0 Qb6 12. Nxe4 dxe4 13. Ne1 e3 14. fxe3 Bxe3+ 15. Bxe3 Qxe3+ 16. Kh1 Bg4 17. Nf3 Rfe8 18. Qa4 Bf5 19. Qb5 Be4 20. Rae1 a6 21. Qh5 Bg6 22. Qg5 h6 23. Qxe3 Rxe3 24. Ng1 Rae8 25. Rd1 Rb3 26. Rd7 Rxb2 27. Rxb7 Rxb7 28. Bxc6 Be4+ 0-1

[Event "Bhopal op"]
[Site "Bhopal"]
[Date "2019.12.26"]
[Round "8"]
[White "Pranav, V."]
[Black "Lakshmi Sandeep, Naidu V"]
[Result "1-0"]
[WhiteElo "2264"]
[BlackElo "1937"]
[PlyCount "53"]
[EventDate "2019.12.21"]
[EventType "swiss"]
[EventRounds "10"]
[EventCountry "IND"]
[SourceTitle "CBM 194 Extra"]
[Source "ChessBase"]
[SourceDate "2020.03.31"]
[SourceVersion "1"]
[SourceVersionDate "2020.03.31"]
[SourceQuality "1"]

1. e4 d6 2. d4 Nf6 3. Nc3 g6 4. Nf3 Bg7 5. Be3 c6 6. Qd2 Nbd7 7. Bh6 Bxh6 8. Qxh6 e5 9. 0-0-0 Qe7 10. h3 b5 11. Bd3 Bb7 12. Rhe1 a6 13. Bf1 Nb6 14. Qe3 Nfd7 15. Nd2 b4 16. Ncb1 Qe6 17. dxe5 dxe5 18. Nb3 a5 19. N1d2 0-0 20. Nf3 a4 21. Nc5 Nxc5 22. Qxc5 Nd7 23. Qxb4 Bc8 24. Bc4 Qe8 25. Rd6 c5 26. Qd2 Kg7 27. Bb5 1-0

[Event "Bhopal op"]
[Site "Bhopal"]
[Date "2019.12.22"]
[Round "3"]
[White "Lakshmi Sandeep, Naidu V"]
[Black "Rios, Cristhian Camilo"]
[Result "0-1"]
[WhiteElo "1937"]
[BlackElo "2505"]
[PlyCount "74"]
[EventDate "2019.12.21"]
[EventType "swiss"]
[EventRounds "10"]
[EventCountry "IND"]
[SourceTitle "CBM 194 Extra"]
[Source "ChessBase"]
[SourceDate "2020.03.31"]
[SourceVersion "1"]
[SourceVersionDate "2020.03.31"]
[SourceQuality "1"]

1. e4 c5 2. Nc3 a6 3. g3 b5 4. d3 Bb7 5. Bg2 e6 6. f4 b4 7. Nce2 d5 8. e5 h5 9. Nf3 Nh6 10. c3 Nc6 11. d4 a5 12. 0-0 Ba6 13. Bh3 Qb6 14. Be3 Ng4 15. Bf2 Qb5 16. Re1 Nxf2 17. Kxf2 g6 18. Kg2 a4 19. a3 bxc3 20. bxc3 Na5 21. Rb1 Nb3 22. f5 gxf5 23. Nf4 c4 24. Ng5 Be7 25. Ngxe6 fxe6 26. Nxe6 Qa5 27. Qf3 Bc8 28. Bxf5 Ra6 29. Bg6+ Kd7 30. Nc5+ Nxc5 31. Qxd5+ Kc7 32. Qf7 Rxg6 33. Qxe7+ Bd7 34. dxc5 Qa8+ 35. Kg1 Re6 36. Qg5 Qd5 37. Qe3 Bc6 0-1

[Event "Mumbai Wealth op 3rd"]
[Site "Mumbai"]
[Date "2018.01.06"]
[Round "8"]
[White "Lakshmi Sandeep, Naidu V"]
[Black "Kulkarni, Vikramaditya"]
[Result "0-1"]
[WhiteElo "1936"]
[BlackElo "2325"]
[PlyCount "74"]
[EventDate "2017.12.30"]
[EventType "swiss"]
[EventRounds "9"]
[EventCountry "IND"]
[SourceTitle "CBM 182 Extra"]
[Source "ChessBase"]
[SourceDate "2018.02.23"]
[SourceVersion "1"]
[SourceVersionDate "2018.02.23"]
[SourceQuality "1"]

1. d4 Nf6 2. Nf3 g6 3. Bg5 Bg7 4. Nc3 d5 5. e3 0-0 6. Be2 b6 7. 0-0 Bb7 8. Ne5 c5 9. Ng4 Ne8 10. Bh6 Nd7 11. f4 e6 12. Qe1 Rc8 13. Rd1 Nd6 14. Qg3 Nf5 15. Qh3 Nxh6 16. Nxh6+ Kh8 17. f5 exf5 18. dxc5 Nxc5 19. g4 Qg5 20. Nxf5 Bxc3 21. Nd6 Bf6 22. Qf3 Be5 23. Nxb7 Nxb7 24. Rxd5 Rxc2 25. h4 Bh2+ 26. Kxh2 Rxe2+ 27. Kg1 Qxe3+ 28. Rf2 Qxf2+ 29. Qxf2 Rxf2 30. Kxf2 Rd8 31. Re5 Nc5 32. Ke3 Rd3+ 33. Ke2 Rd4 34. Kf3 Ne6 35. Re2 Ra4 36. Rd2 Rxa2 37. Rd7 Kg7 0-1

[Event "Mumbai Wealth op 3rd"]
[Site "Mumbai"]
[Date "2018.01.05"]
[Round "7"]
[White "Shashikant, Kutwal"]
[Black "Lakshmi Sandeep, Naidu V"]
[Result "1/2-1/2"]
[WhiteElo "2172"]
[BlackElo "1936"]
[PlyCount "114"]
[EventDate "2017.12.30"]
[EventType "swiss"]
[EventRounds "9"]
[EventCountry "IND"]
[SourceTitle "CBM 182 Extra"]
[Source "ChessBase"]
[SourceDate "2018.02.23"]
[SourceVersion "1"]
[SourceVersionDate "2018.02.23"]
[SourceQuality "1"]

1. e4 Nf6 2. e5 Nd5 3. d4 d6 4. Nf3 Nc6 5. c4 Nb6 6. e6 fxe6 7. Bd3 Nd7 8. 0-0 Nf6 9. Nc3 g6 10. d5 exd5 11. cxd5 Ne5 12. Nxe5 dxe5 13. Qe2 Bg7 14. Qxe5 0-0 15. Bg5 Qd6 16. Qxd6 exd6 17. Nb5 Ne8 18. Rac1 Bf5 19. Rfd1 Bxd3 20. Rxd3 Rf5 21. Be3 c5 22. Nc3 a6 23. g4 Rf7 24. b3 Nf6 25. h3 Re8 26. Kg2 b5 27. a4 Nd7 28. axb5 Bxc3 29. Rdxc3 axb5 30. Ra1 Nb6 31. Rd3 Re5 32. Bh6 Rb7 33. Ra6 Re8 34. Rf3 c4 35. bxc4 Nxc4 36. Rb3 Rd8 37. Rb4 Ne5 38. Bg5 Rf8 39. f4 Nc4 40. Kf3 Re8 41. Rc6 Ra7 42. Rxb5 Nd2+ 43. Kf2 Ne4+ 44. Kf3 Ra3+ 45. Kg2 Ra2+ 46. Kf3 Nd2+ 47. Kf2 Ne4+ 48. Kf3 Ra3+ 49. Kg2 Nd2 50. Bf6 Rf3 51. Rc1 Re2+ 52. Kh1 Rxh3+ 53. Kg1 Rg3+ 54. Kh1 Rh3+ 55. Kg1 Rg3+ 56. Kh1 Rh3+ 57. Kg1 Rg3+ 1/2-1/2

[Event "Mumbai Wealth op 3rd"]
[Site "Mumbai"]
[Date "2018.01.04"]
[Round "6"]
[White "Lakshmi Sandeep, Naidu V"]
[Black "Aryan, Ranjan"]
[Result "1-0"]
[WhiteElo "1936"]
[BlackElo "1618"]
[PlyCount "89"]
[EventDate "2017.12.30"]
[EventType "swiss"]
[EventRounds "9"]
[EventCountry "IND"]
[SourceTitle "CBM 182 Extra"]
[Source "ChessBase"]
[SourceDate "2018.02.23"]
[SourceVersion "1"]
[SourceVersionDate "2018.02.23"]
[SourceQuality "1"]

1. e4 c5 2. Nc3 Nc6 3. f4 g6 4. Nf3 Bg7 5. a3 e6 6. Bc4 Nge7 7. d3 d5 8. Ba2 Nd4 9. 0-0 0-0 10. Kh1 Rb8 11. Nxd4 cxd4 12. Ne2 Nc6 13. Rb1 a5 14. Ng3 f5 15. Qf3 Ne7 16. Bd2 b6 17. Ne2 Kh8 18. e5 Nc6 19. Qf2 Qc7 20. Rfc1 g5 21. g3 Re8 22. Nxd4 Nxd4 23. Qxd4 Bf8 24. Qc3 Qg7 25. d4 gxf4 26. gxf4 Qh6 27. Rg1 Ba6 28. Qf3 Rbc8 29. c3 Be7 30. Bb3 Rg8 31. Bc2 Qh4 32. Rbe1 Bc4 33. Be3 Ra8 34. Rb1 Rac8 35. Rbe1 Ra8 36. Rb1 a4 37. Bf2 Qh6 38. Rxg8+ Kxg8 39. Bxa4 Rxa4 40. b3 Rxa3 41. bxc4 dxc4 42. d5 exd5 43. Qxd5+ Kh8 44. Rg1 Qf8 45. Bd4 1-0